| 000 | 00436nam a2200145Ia 4500 | ||
|---|---|---|---|
| 008 | 210210b1978 xxu||||| |||| 00| 0 eng d | ||
| 020 | _a0 04 371039 5 | ||
| 082 | _a370.11 NICC | ||
| 100 | _aNICHOLLS (S Howard) and NICHOLLS (Audrey). | ||
| 245 | _aCreative teaching an approach to the achievement of educational objectives. | ||
| 260 |
_aLondon _bGeorge allen & unwin _c1978 |
||
| 300 | _a128 | ||
| 690 | _aEducation | ||
| 906 | _a042016 | ||
| 999 |
_c91714 _d91714 |
||